000
00255nam a2200097Ia 4500
008
240624s9999 xx 000 0 und d
041
_a
eng
082
_a
658.4013 INT
100
_a
INTERNATIONAL TRADE CENTRE
245
_a
ISO 9000 QUALITY MANAGEMENT SYSTEMS GUID
999
_c
9308
_d
9308